| 000 | 01692nam0a2200373 4500 | ||
|---|---|---|---|
| 001 | RU\NLR\bibl\109207 | ||
| 005 | 20250630110801.0 | ||
| 010 |
_a5-89517-087-1 _95000 |
||
| 021 |
_aRU _b2000-19121 _9900 |
||
| 035 | _a(NLR Aleph) 000106887 | ||
| 090 |
_a605361 _c605361 |
||
| 100 | _a20000920d2000 |||y0rusy50 ca | ||
| 101 | 0 | _arus | |
| 102 | _aRU | ||
| 105 | _aah ||||||||| | ||
| 200 | 1 |
_aТроице-Сергиева лавра в истории, культуре и духовной жизни России _eМатериалы Междунар. конф. 29 сент. - 1 окт. 1998 г. _f[Сост.: Т.Н. Манушина, С.В. Николаева] |
|
| 210 |
_aМ. _cПодкова _d2000 |
||
| 215 |
_a433, [4] с. _cил., факс. _d21 |
||
| 300 | _aВ надзаг.: Сергиево-Пос. гос. ист.-худож. музей-заповедник | ||
| 320 | _aБиблиогр. в примеч. в конце докл. | ||
| 601 | 0 | 2 |
_aТроице-Сергиевская лавра _2psbo _7ca |
| 601 | 0 | 2 |
_aТроице-Сергиева лавра _jСъезды, совещания и т.п. _xИстория _z15 - 20 вв. _92125965 _3RU\NLR\auth\661283244 |
| 606 | 0 |
_aИзобразительное искусство русское _jСборники _92088103 _3RU\NLR\auth\661264120 |
|
| 686 | _aЩ103(2Р=Рус)я43 | ||
| 686 | _aЭ372.24-647.2 | ||
| 702 | 1 |
_aМанушина _bТ. Н. _4220 |
|
| 801 | 0 |
_aRU _bNLR _c20000920 _gPSBO |
|
| 801 | 1 |
_aRU _bNLR _c20000920 |
|
| 852 |
_aNLR _j2000-3/9752 |
||
| 942 | _cBOOK | ||
| 980 | _aNB | ||